Consolitaion of Public Finances - the Experience of the Slovak Republic

Riadenie verejnej správy v období krízy. Hospodárska kríza a jej vplyv na vývoj verejných financií.

Salvato in:
Dettagli Bibliografici
Autore principale: Fifeková, Elena
Altri autori: Vondrová, Andrea, 1987-
Natura: Capitolo di libro
Lingua:inglese
Soggetti:
Tags: Aggiungi Tag
Nessun Tag, puoi essere il primo ad aggiungerne!!

MARC

LEADER 00000naa$a2200000$$$4500
001 0192615
005 20240502083446.8
041 0 |a eng 
044 |a BG 
245 1 0 |a Consolitaion of Public Finances - the Experience of the Slovak Republic  |c Elena Fifeková, Andrea Vondrová 
520 |a Riadenie verejnej správy v období krízy. Hospodárska kríza a jej vplyv na vývoj verejných financií. 
610 2 0 |a financie verejné 
610 2 0 |a konsolidácia 
610 2 0 |a zodpovednosť 
610 2 0 |a rast hospodársky 
610 2 0 |a správa verejná 
610 2 0 |a Slovensko 
610 2 0 |a kríza hospodárska 
100 1 |a Fifeková, Elena 
700 1 |a Vondrová, Andrea, 1987-